El loco de la guardilla (Record no. 165225)

MARC details
000 -LEADER
campo de control de longitud fija 00934nam a22002175i 4500
001 - NÚMERO DE CONTROL
campo de control 165225
003 - IDENTIFICADOR DE NÚMERO DE CONTROL
campo de control ES-MaACL
005 - FECHA Y HORA DE LA ÚLTIMA TRANSACCIÓN
campo de control 20250915063101.0
008 - DATOS DE LONGITUD FIJA--INFORMACIÓN GENERAL
campo de control de longitud fija 010528s1862 sp |||| | spa d
040 ## - FUENTE DE CATALOGACIÓN
Centro catalogador/agencia de origen CCPB | B
Lengua de catalogación spa
Centro/agencia transcriptor CCPB | B
100 1# - ENTRADA PRINCIPAL--NOMBRE DE PERSONA
Nombre de persona Serra, Narciso,
Fechas asociadas al nombre 1830-1877
9 (RLIN) 132663
245 13 - MENCIÓN DEL TÍTULO
Título El loco de la guardilla
Resto del título : paso que pasó en el siglo XVIII : escrito en un acto y en verso /
Mención de responsabilidad, etc. por Narciso Serra ; música del maestro Manuel Caballero.
250 ## - MENCION DE EDICION
Mención de edición 3ª ed.
260 ## - PUBLICACIÓN, DISTRIBUCIÓN, ETC.
Lugar de publicación, distribución, etc. Madrid :
Nombre del editor, distribuidor, etc. [s.n.],
Fecha de publicación, distribución, etc. 1862 (
Fabricante imprenta de Manuel Rojas)
300 ## - DESCRIPCIÓN FÍSICA
Extensión 31 p. ;
Dimensiones 24 cm.
500 ## - NOTA GENERAL
Nota general En port.: Representado por primera vez en el teatro de la Zarzuela el día 9 de octubre de 1861.
500 ## - NOTA GENERAL
Nota general Solo la letra.
700 0# - ENTRADA AGREGADA--NOMBRE PERSONAL
Nombre de persona Caballero, Manuel.
9 (RLIN) 33088
852 ## - LOCALIZACIÓN
Ubicación ES-MaACL
Número de control de estantería D-1748(3)
Nota libre -- Enc. hol. conservando la cub. original
-- -- Legado M. de la Fuente
-- -- Enc. en un vol. faticio
Holdings
Estatus retirado Estado de pérdida Estado de daño No para préstamo Colección Biblioteca de origen Biblioteca actual Ubicación en estantería Fecha de adquisición Total de préstamos Signatura topográfica completa Código de barras Visto por última vez Precio de reemplazo Tipo de ítem Koha
        Libros del s. XIX Biblioteca del Ateneo de Madrid Biblioteca del Ateneo de Madrid Sala Valle Inclán 17/01/2008   D-1748(3) 901173255 23/02/2023 23/02/2023 Libro impreso antiguo